|
|
|
|
| LEADER |
01137pam a22003618a 4500 |
| 001 |
00033220 |
| 005 |
20171026081025.0 |
| 008 |
150511s2014 ||||||Viesd |
| 020 |
# |
# |
|a 9786045707531
|c 75000
|
| 041 |
0 |
# |
|a Vie
|
| 082 |
1 |
4 |
|a 306.095 97
|b GI100TR
|
| 100 |
1 |
# |
|e Chủ biên
|a Ngô, Đức Thịnh
|
| 245 |
0 |
0 |
|b Truyền thống và biến đổi
|a Giá trị văn hóa Việt Nam
|c Ngô Đức Thịnh (ch.b)
|
| 260 |
# |
# |
|a Hà Nội
|b Chính trị Quốc gia
|c 2014
|
| 300 |
# |
# |
|b bảng, biểu đồ
|a 471 tr.
|c 21 cm.
|
| 504 |
# |
# |
|a Thư mục: tr. 460-468
|
| 653 |
# |
# |
|a Biến đổi
|
| 653 |
# |
# |
|a Dân tộc
|
| 653 |
# |
# |
|a Văn hóa
|
| 653 |
# |
# |
|a Việt Nam
|
| 653 |
# |
# |
|a Truyền thống
|
| 653 |
# |
# |
|a Phong phú
|
| 653 |
# |
# |
|a Giá trị
|
| 852 |
# |
# |
|j KD.0016645
|j KM.0017983
|j KM.0017984
|
| 852 |
# |
# |
|b Kho đọc
|j KD.0016645
|
| 852 |
# |
# |
|b Kho mượn
|j KM.0017983, KM.0017984
|
| 910 |
0 |
# |
|a kchi
|d 11/5/2015
|
| 980 |
# |
# |
|a Trung tâm Học liệu Lê Vũ Hùng, Trường Đại học Đồng Tháp
|